[Event "Chess Olympiad (Women)"]
[Site "Tromso NOR"]
[Date "2014.08.04"]
[EventDate "2014.08.02"]
[Round "3.11"]
[Result "1-0"]
[White "Iva Videnova"]
[Black "Kubra Ozturk"]
[WhiteElo "2342"]
[BlackElo "2291"]
[PlyCount "93"]

1. e4 e5 2. Nf3 Nc6 3. Bb5 a6 4. Ba4 Nf6 5. O-O b5 6. Bb3 Bb7
7. d3 Be7 8. a4 O-O 9. Re1 h6 10. Nbd2 Re8 11. Nf1 Bf8 12. Ne3
Na5 13. Ba2 d5 14. exd5 Nxd5 15. Bd2 b4 16. Ng4 Nc6 17. Ngxe5
Nxe5 18. Nxe5 Qf6 19. d4 Rad8 20. Qf3 c5 21. Qxf6 gxf6 22. Ng4
Rxe1+ 23. Rxe1 cxd4 24. Nxh6+ Kh7 25. Nf5 Bc5 26. Bc4 Kg8
27. h4 Bc8 28. Bd3 b3 29. cxb3 Bb4 30. Rd1 Bxd2 31. Rxd2 Bxf5
32. Bxf5 Nb4 33. Bd3 a5 34. Kh2 Kg7 35. Kg3 Re8 36. Kf3 Rd8
37. Rd1 Rd6 38. Ke2 Re6+ 39. Kd2 Rd6 40. Rc1 Rb6 41. Rc4 Rd6
42. Rc7 Nc6 43. Bc4 Ne5 44. f4 Nxc4+ 45. Rxc4 Rb6 46. b4 axb4
47. Rxd4 1-0

[Event "Chess Olympiad (Women)"]
[Site "Tromso NOR"]
[Date "2014.08.05"]
[EventDate "2014.08.02"]
[Round "4.12"]
[Result "1/2-1/2"]
[White "Kubra Ozturk"]
[Black "Mariya Muzychuk"]
[WhiteElo "2291"]
[BlackElo "2530"]
[PlyCount "121"]

1. Nf3 Nf6 2. d4 g6 3. g3 Bg7 4. Bg2 O-O 5. c4 d5 6. cxd5 Nxd5
7. O-O Nb6 8. Nc3 Nc6 9. d5 Na5 10. e4 c6 11. Bf4 Nac4 12. Qe2
cxd5 13. exd5 Nxb2 14. Qxb2 Na4 15. Nxa4 Bxb2 16. Nxb2 Qxd5
17. Ne5 Qb5 18. Rfb1 Rd8 19. Bf1 Qe8 20. a4 Be6 21. Bh6 a6
22. Nbc4 f6 23. Rb6 Bd5 24. Ng4 Bf3 25. Nce3 Rd4 26. h3 Rxa4
27. Re1 Qd8 28. Re6 Re4 29. Rxe4 Bxe4 30. Bc4+ Kh8 31. Rd1 Qc7
32. Bf4 Qc6 33. Ne5 Qa4 34. Nf7+ Kg8 35. Nd6+ Kg7 36. Nxe4 e5
37. Nc5 Qxd1+ 38. Nxd1 exf4 39. Nxb7 fxg3 40. fxg3 a5 41. Nc3
a4 42. Nd6 a3 43. Kf2 h5 44. h4 g5 45. Ndb5 Kg6 46. Bd5 Ra5
47. Ke3 Kf5 48. Kf3 Ke5 49. Bf7 gxh4 50. gxh4 f5 51. Ke3 Ra8
52. Na2 f4+ 53. Kf3 Rd8 54. Bc4 Rd2 55. Nxa3 Rh2 56. Nb5 Rxh4
57. Nc1 Rh3+ 58. Kf2 Rh2+ 59. Kf3 Rh3+ 60. Kf2 Rh2+ 61. Kf3
1/2-1/2

[Event "Chess Olympiad (Women)"]
[Site "Tromso NOR"]
[Date "2014.08.06"]
[EventDate "2014.08.02"]
[Round "5.22"]
[Result "1-0"]
[White "Elaine Rutherford Bamber"]
[Black "Kubra Ozturk"]
[WhiteElo "2077"]
[BlackElo "2291"]
[PlyCount "51"]

1. e4 e5 2. Bc4 Nf6 3. d3 c6 4. Nf3 Be7 5. O-O d6 6. Re1 O-O
7. Nbd2 Qc7 8. c3 Nbd7 9. d4 b5 10. Bd3 Bb7 11. Nh4 g6 12. Nf1
Rfe8 13. Qf3 c5 14. d5 c4 15. Bc2 Nxd5 16. Nf5 gxf5 17. exd5
f4 18. Ng3 Nf6 19. Nh5 Qc5 20. Bxf4 exf4 21. Rxe7 Rxe7
22. Nxf6+ Kg7 23. Qg4+ Kxf6 24. Qh4+ Kg7 25. Qxh7+ Kf6
26. Qh6+ 1-0

[Event "Chess Olympiad (Women)"]
[Site "Tromso NOR"]
[Date "2014.08.08"]
[EventDate "2014.08.02"]
[Round "6.19"]
[Result "1-0"]
[White "Kubra Ozturk"]
[Black "Karolina Olsarova"]
[WhiteElo "2291"]
[BlackElo "2237"]
[PlyCount "105"]

1. d4 d5 2. c4 c6 3. Nf3 Nf6 4. e3 a6 5. Qc2 g6 6. Bd3 Bg7
7. Nbd2 Nbd7 8. O-O O-O 9. b3 e5 10. dxe5 Ng4 11. Bb2 Ndxe5
12. h3 dxc4 13. Bxc4 Nxf3+ 14. Nxf3 Nf6 15. Rad1 Qe7 16. Qc1
Ne4 17. Nd2 Bxb2 18. Qxb2 Nxd2 19. Rxd2 Bf5 20. Rfd1 Rae8
21. Qd4 b5 22. Be2 c5 23. Qd6 Bc8 24. Rc1 Qxd6 25. Rxd6 Re5
26. Rc6 Rd8 27. R6xc5 Rxc5 28. Rxc5 Be6 29. Rc2 Rd6 30. e4 b4
31. f3 Kg7 32. Kf2 h5 33. h4 Kf6 34. Ke3 Rb6 35. Rc5 Ke7
36. Rc7+ Kf6 37. Ra7 Rc6 38. Rxa6 Rc1 39. g3 Rg1 40. Kf4 Ke7
41. Ra7+ Kd6 42. e5+ Kc5 43. Bc4 Rg2 44. Bxe6 fxe6 45. a3 bxa3
46. Rxa3 Kc6 47. Ra7 Rb2 48. Re7 Kd5 49. Rd7+ Kc5 50. Rd6 Rxb3
51. Rxe6 Rb4+ 52. Kg5 Kd5 53. Rxg6 1-0

[Event "Chess Olympiad (Women)"]
[Site "Tromso NOR"]
[Date "2014.08.09"]
[EventDate "2014.08.02"]
[Round "7.15"]
[Result "1-0"]
[White "Zoya Schleining"]
[Black "Kubra Ozturk"]
[WhiteElo "2369"]
[BlackElo "2291"]
[PlyCount "163"]

1. Nf3 d5 2. c4 d4 3. g3 Nc6 4. Bg2 e5 5. O-O Nf6 6. d3 Nd7
7. b3 Be7 8. Na3 O-O 9. Nc2 a5 10. Rb1 Nc5 11. a3 Bf5 12. b4
axb4 13. axb4 Na4 14. Bd2 Bf6 15. b5 Ne7 16. Bb4 c5 17. bxc6
bxc6 18. Ra1 c5 19. Bd2 e4 20. Nfe1 Nb2 21. Rxa8 Qxa8 22. Qc1
Na4 23. Na3 Qc6 24. Nb5 Qe6 25. Qa3 exd3 26. exd3 Qe2 27. Bf4
Nc3 28. Bf3 Qe6 29. Qxc5 Bh3 30. Ng2 Rc8 31. Qd6 Ne2+ 32. Kh1
Nxf4 33. Qxf4 Ng6 34. Qe4 Qd7 35. Qb7 Qd8 36. Bd5 Ne5 37. Re1
Nxd3 38. Bxf7+ Kh8 39. Re8+ Qxe8 40. Bxe8 Rxe8 41. Nd6 Rf8
42. Kg1 Be6 43. f4 h6 44. Qb1 Nc5 45. f5 Bg8 46. Nf4 Ra8
47. Nd3 Be7 48. Nxc5 Bxd6 49. Ne4 Bf8 50. Qd3 Ra1+ 51. Kg2 Rc1
52. Nd2 Bb4 53. f6 gxf6 54. Qxd4 Kg7 55. Qg4+ Kh8 56. Qf4 Kg7
57. Ne4 Rc2+ 58. Kg1 Rxc4 59. Qxf6+ Kh7 60. Qf5+ Kg7 61. Qe5+
Kf8 62. Qf6+ Bf7 63. Qxh6+ Ke7 64. Qf6+ Ke8 65. Nd6+ Bxd6
66. Qxd6 Rc2 67. Qb8+ Ke7 68. Qb4+ Kd8 69. Qf8+ Be8 70. Qf6+
Kc7 71. Qe5+ Kd8 72. Qd6+ Bd7 73. h3 Ke8 74. Qe5+ Kd8 75. g4
Bc6 76. Qh8+ Be8 77. Qd4+ Kc7 78. Qe4 Rc1+ 79. Kh2 Kd8 80. h4
Bc6 81. Qd4+ Kc8 82. h5 1-0

[Event "Chess Olympiad (Women)"]
[Site "Tromso NOR"]
[Date "2014.08.11"]
[EventDate "2014.08.02"]
[Round "9.30"]
[Result "1-0"]
[White "Kubra Ozturk"]
[Black "Alejandra Guerrero Rodriguez"]
[WhiteElo "2291"]
[BlackElo "2089"]
[PlyCount "99"]

1. d4 e6 2. Nf3 Nf6 3. c4 c5 4. g3 cxd4 5. Nxd4 Qb6 6. Nc3 Nc6
7. Nf3 Ng4 8. e3 Nge5 9. b3 Qa5 10. Bd2 Bb4 11. Rc1 d5
12. Nxe5 Nxe5 13. f4 Nc6 14. a3 Bxa3 15. Nxd5 Nb4 16. Nxb4
Bxb4 17. Bg2 O-O 18. Bxb4 Qxb4+ 19. Qd2 Qxb3 20. O-O a5
21. Qd4 e5 22. Qxe5 Bg4 23. h3 Be2 24. Rf2 Bxc4 25. Rb2 Qa4
26. Rxb7 Rad8 27. Rc7 Rd1+ 28. Rxd1 Qxd1+ 29. Kh2 Qe2 30. Qc5
Ba6 31. Qxa5 h6 32. Rd7 Re8 33. Rd8 Rxd8 34. Qxd8+ Kh7 35. Qe7
Bc8 36. e4 f6 37. Qc5 Bd7 38. Qd5 Bc8 39. Qf7 Qc2 40. f5 Ba6
41. Qg6+ Kg8 42. Qg4 Be2 43. Qf4 h5 44. Qf2 Qd3 45. Qf4 Qc2
46. g4 hxg4 47. hxg4 Qd3 48. g5 fxg5 49. Qxg5 Bf3 50. f6 1-0

[Event "Chess Olympiad (Women)"]
[Site "Tromso NOR"]
[Date "2014.08.12"]
[EventDate "2014.08.02"]
[Round "10.25"]
[Result "0-1"]
[White "Rachel Miller"]
[Black "Kubra Ozturk"]
[WhiteElo "1782"]
[BlackElo "2291"]
[PlyCount "168"]

1. e4 e5 2. Nf3 Nc6 3. Bc4 Nf6 4. d3 Be7 5. O-O O-O 6. Re1 d6
7. c3 Na5 8. Bb5 a6 9. Ba4 b5 10. Bc2 c5 11. h3 Nc6 12. d4
cxd4 13. cxd4 Qc7 14. Nc3 b4 15. Ne2 Bd7 16. Be3 Rfc8 17. Rc1
Qa5 18. Bb3 Nd8 19. Ng3 Be6 20. Rxc8 Rxc8 21. d5 Bd7 22. Nd2
Nb7 23. Nc4 Qd8 24. Nb6 Rb8 25. Nxd7 Nxd7 26. Nf5 Bf8 27. Qg4
Kh8 28. Ba4 Ndc5 29. Bc6 Nd3 30. Re2 Nbc5 31. Bg5 f6 32. Be3
g6 33. Nh4 Qe7 34. Kf1 Qf7 35. Kg1 Bg7 36. Rd2 Rd8 37. Qd1 Nf4
38. Bxc5 dxc5 39. Qc2 Bf8 40. Qc4 a5 41. Qa6 Qc7 42. Bb5 Be7
43. Nf3 f5 44. Bd3 Nxd3 45. Qxd3 c4 46. Qe2 f4 47. Rc2 Rc8
48. Nd2 c3 49. bxc3 bxc3 50. Nb1 Qc4 51. Qxc4 Rxc4 52. Kf1
Rxe4 53. Rxc3 Bb4 54. f3 Rd4 55. Rc8+ Kg7 56. Nc3 Rd3 57. Ne4
Rxd5 58. Rc7+ Kf8 59. Rxh7 Rd1+ 60. Ke2 Rg1 61. Rc7 Rxg2+
62. Nf2 Bd6 63. Rc1 Ke7 64. Rc3 Bb4 65. Rc1 Bd2 66. Kf1 Rxf2+
67. Kxf2 Bxc1 68. Ke2 Kd6 69. Kd3 Kd5 70. Kc3 e4 71. fxe4+
Kxe4 72. Kc2 Be3 73. Kd1 Kf3 74. Ke1 Kg2 75. h4 f3 76. a4 f2+
77. Ke2 Bc5 78. h5 f1=Q+ 79. Kd2 Qf2+ 80. Kd3 Qd4+ 81. Kc2 Bb4
82. hxg6 Qc3+ 83. Kb1 Ba3 84. g7 Qb2# 0-1

[Event "Chess Olympiad (Women)"]
[Site "Tromso NOR"]
[Date "2014.08.14"]
[EventDate "2014.08.02"]
[Round "11.19"]
[Result "1/2-1/2"]
[White "Kubra Ozturk"]
[Black "Irina Gevorgyan"]
[WhiteElo "2291"]
[BlackElo "2141"]
[PlyCount "151"]

1. d4 d5 2. c4 c6 3. Nf3 Nf6 4. e3 Bf5 5. Nc3 e6 6. Nh4 Be4
7. f3 Bg6 8. Qb3 Qc7 9. Bd2 Nbd7 10. cxd5 exd5 11. Nxg6 hxg6
12. O-O-O O-O-O 13. e4 dxe4 14. fxe4 Nb6 15. Bg5 Rd7 16. Be2
Kb8 17. g3 Ka8 18. Kb1 Be7 19. d5 Nfxd5 20. exd5 Bxg5 21. dxc6
Qxc6 22. Rxd7 Qxd7 23. Nb5 Qe7 24. Bf3 Rd8 25. h4 Bh6 26. a4
a6 27. a5 Nc8 28. Nc3 Rd3 29. Qc4 Rxf3 30. Qxc8+ Ka7 31. Rd1
Rxc3 32. Qxc3 Qe4+ 33. Qd3 Qxd3+ 34. Rxd3 f6 35. Kc2 f5
36. Rd7 Kb8 37. Kd3 g5 38. hxg5 Bxg5 39. Rxg7 Bf6 40. Rf7 Be5
41. Rf8+ Kc7 42. Rg8 Kd7 43. Kc4 Bxb2 44. Kd5 Bc3 45. Rg5 Be1
46. Rg7+ Kc8 47. Ke6 Bxa5 48. Kxf5 Bc3 49. Rh7 a5 50. Ke4 a4
51. Rh5 Kd7 52. Kd3 Be1 53. g4 a3 54. Rh1 Bg3 55. Kc2 Ke6
56. Rf1 Bh4 57. Kb3 Be7 58. Rf3 b5 59. Re3+ Kf7 60. Re5 b4
61. g5 Bf8 62. Rf5+ Kg7 63. g6 Bd6 64. Rd5 Bf4 65. Rd4 Be5
66. Rxb4 Kxg6 67. Rb6+ Kf5 68. Kxa3 Bd4 69. Rb5+ Ke4 70. Kb3
Kd3 71. Rh5 Bf6 72. Rh3+ Kd4 73. Kc2 Be5 74. Rd3+ Kc4 75. Re3
Kd4 76. Rxe5 1/2-1/2

[Event "Dubai Chess Open"]
[Site "Dubai UAE"]
[Date "2015.04.07"]
[EventDate "2015.04.06"]
[Round "2.22"]
[Result "1-0"]
[White "Gabor Papp"]
[Black "Kubra Ozturk"]
[WhiteElo "2575"]
[BlackElo "2284"]
[PlyCount "105"]

1. e4 e5 2. Nf3 Nc6 3. Bb5 a6 4. Ba4 Nge7 5. O-O g6 6. c3 Bg7
7. d4 exd4 8. cxd4 O-O 9. Nc3 d5 10. exd5 Nxd5 11. Bg5 f6
12. Bh4 Be6 13. Re1 Bf7 14. Bxc6 Nxc3 15. bxc3 bxc6 16. Ne5
Qd5 17. Nxf7 Rxf7 18. Qb3 a5 19. Rab1 a4 20. Qxd5 cxd5 21. Re6
Rd7 22. Kf1 Kf7 23. Rc6 Ra7 24. g4 Re7 25. Bg3 Bf8 26. Rb5 Rd7
27. Ke2 a3 28. Kd3 Be7 29. h3 Bf8 30. Bf4 Be7 31. f3 Bf8
32. h4 h5 33. Rb8 Re7 34. gxh5 gxh5 35. Bd2 Rd7 36. Bc1 Rd6
37. Rxd6 Bxd6 38. Rh8 Kg6 39. Rh6+ Kg7 40. Rxh5 c6 41. c4
dxc4+ 42. Kxc4 Ra4+ 43. Kd3 Kg6 44. Rh8 c5 45. dxc5 Bxc5
46. h5+ Kg7 47. Rc8 Rd4+ 48. Kc3 Rd5 49. Kc4 Rd1 50. Rc7+ Kh8
51. Rxc5 Rxc1+ 52. Kb4 Rd1 53. Rf5 1-0

[Event "Dubai Chess Open"]
[Site "Dubai UAE"]
[Date "2015.04.13"]
[EventDate "2015.04.06"]
[Round "8.34"]
[Result "1-0"]
[White "Sahaj Grover"]
[Black "Kubra Ozturk"]
[WhiteElo "2526"]
[BlackElo "2284"]
[PlyCount "73"]

1. e4 e5 2. Nf3 Nc6 3. Bb5 a6 4. Ba4 Nf6 5. O-O b5 6. Bb3 Bb7
7. d3 Be7 8. Nc3 O-O 9. a3 d6 10. Nd5 Nxd5 11. Bxd5 Qd7 12. d4
exd4 13. Nxd4 Bf6 14. Nf5 Kh8 15. a4 b4 16. a5 Nd8 17. Ne3 c6
18. Bb3 Ne6 19. Qd2 Nd4 20. Ba4 Qe7 21. f3 c5 22. c3 bxc3
23. bxc3 Nb5 24. Bb2 Bg5 25. Rae1 Bf4 26. Qd3 Qg5 27. Nf5 c4
28. Qxc4 d5 29. Qe2 dxe4 30. fxe4 Be5 31. Bxb5 axb5 32. c4
Rae8 33. cxb5 Bxb2 34. Qxb2 Bxe4 35. h4 Qg6 36. h5 Qg5 37. h6
1-0

[Event "European Individual Women's Championship"]
[Site "Chakvi GEO"]
[Date "2015.05.19"]
[EventDate "?"]
[Round "1.9"]
[Result "1-0"]
[White "Hoang Thanh Trang"]
[Black "Kubra Ozturk"]
[WhiteElo "2472"]
[BlackElo "2235"]
[PlyCount "91"]

1. d4 d5 2. c4 dxc4 3. e3 e5 4. Bxc4 exd4 5. exd4 Bd6 6. Nf3
Nf6 7. O-O O-O 8. h3 Nc6 9. Bg5 h6 10. Bh4 g5 11. Bg3 Ne4
12. Bxd6 Qxd6 13. Re1 Bf5 14. Nc3 Rae8 15. Bb3 Nf6 16. Qd2 Ne4
17. Qd1 Nf6 18. Nb5 Rxe1+ 19. Qxe1 Qf4 20. Qc1 Be4 21. Qxf4
gxf4 22. Ne5 a6 23. Nxc6 axb5 24. Ne7+ Kg7 25. f3 Bh7 26. Rc1
c6 27. d5 cxd5 28. Nxd5 Nxd5 29. Bxd5 Rd8 30. Bb3 Rd7 31. h4
Bg6 32. Kh2 Bd3 33. Rc5 Kf6 34. h5 Re7 35. Rd5 Be2 36. Kh3 Bf1
37. Kg4 Bxg2 38. Rxb5 Kg7 39. Kxf4 Rd7 40. Rd5 Re7 41. Bc4 Bh3
42. Rd6 Rc7 43. Bd5 Bc8 44. Rb6 Re7 45. a4 Rc7 46. b4 1-0

[Event "European Individual Women's Championship"]
[Site "Chakvi GEO"]
[Date "2015.05.20"]
[EventDate "2015.05.19"]
[Round "2.42"]
[Result "1-0"]
[White "Kubra Ozturk"]
[Black "Zalina Lingur"]
[WhiteElo "2235"]
[BlackElo "2057"]
[PlyCount "79"]

1. Nf3 c5 2. c4 Nc6 3. d4 cxd4 4. Nxd4 Nf6 5. g3 e6 6. Bg2
Bb4+ 7. Bd2 Be7 8. Bc3 O-O 9. O-O d5 10. Nd2 Bd7 11. e4 Nxd4
12. Bxd4 dxc4 13. e5 Nd5 14. Qg4 Bb5 15. Rfd1 Rc8 16. a4 Ba6
17. Ne4 Re8 18. Nd6 h5 19. Qxh5 Bxd6 20. exd6 Qxd6 21. Be4 f5
22. Bxd5 exd5 23. Qxf5 b6 24. Bxg7 Kxg7 25. Rxd5 Rc5 26. Qg4+
Qg6 27. Rd7+ Kh6 28. Qf4+ Qg5 29. Qf7 Qg6 30. Qf4+ Qg5
31. Qd6+ Qg6 32. Qd2+ Kh5 33. Rd4 Re4 34. Re1 Rxd4 35. Qxd4
Qg5 36. Qh8+ Qh6 37. g4+ Kg5 38. f4+ Kg6 39. Re6+ Kf7 40. Rxh6
1-0

[Event "European Individual Women's Championship"]
[Site "Chakvi GEO"]
[Date "2015.05.21"]
[EventDate "2015.05.19"]
[Round "3.21"]
[Result "1/2-1/2"]
[White "Nastassia Ziaziulkina"]
[Black "Kubra Ozturk"]
[WhiteElo "2423"]
[BlackElo "2235"]
[PlyCount "81"]

1. e4 e5 2. Nf3 Nc6 3. Bb5 a6 4. Ba4 Nf6 5. O-O Nxe4 6. d4 b5
7. Bb3 d5 8. dxe5 Be6 9. Nbd2 Nc5 10. c3 Be7 11. Bc2 d4
12. Nb3 d3 13. Bb1 Nxb3 14. axb3 Bf5 15. b4 O-O 16. Be3 Qd5
17. Nd4 Nxd4 18. Bxd4 Bxb4 19. Bxd3 Bxd3 20. Qxd3 Rfd8 21. Qg3
Bc5 22. Bxc5 Qxc5 23. Rfd1 Re8 24. b4 Qxe5 25. Qxe5 Rxe5
26. Rxa6 Rae8 27. g3 c5 28. bxc5 Rxc5 29. Rd3 g6 30. Ra7 Rec8
31. Rb7 Rxc3 32. Rxc3 Rxc3 33. Rxb5 h5 34. h4 Kg7 35. Rb6 Rc1+
36. Kg2 Rc3 37. Ra6 Rb3 38. Rc6 Ra3 39. Rb6 Rc3 40. Ra6 Rb3
41. Rc6 1/2-1/2

[Event "European Individual Women's Championship"]
[Site "Chakvi GEO"]
[Date "2015.05.22"]
[EventDate "2015.05.19"]
[Round "4.23"]
[Result "0-1"]
[White "Kubra Ozturk"]
[Black "Karina Szczepkowska-Horowska"]
[WhiteElo "2235"]
[BlackElo "2412"]
[PlyCount "118"]

1. d4 Nf6 2. c4 e5 3. dxe5 Ng4 4. Nf3 Bc5 5. e3 Nc6 6. Be2
Ngxe5 7. Nxe5 Nxe5 8. O-O O-O 9. Nc3 d6 10. Na4 Bb6 11. Nxb6
axb6 12. Bd2 Qh4 13. f4 Nd7 14. Bc3 Qe7 15. Qd4 f6 16. Bf3 Nc5
17. e4 Be6 18. b3 Rfd8 19. Rf2 Bf7 20. Re1 Ne6 21. Qe3 Nc5
22. Qd4 Ne6 23. Qe3 Nc5 24. Rfe2 Bg6 25. Qd4 Ne6 26. Qd2 Bf7
27. g3 Qe8 28. Re3 b5 29. cxb5 Qxb5 30. Qg2 c6 31. Qe2 Qb6
32. Qf2 Qa6 33. R3e2 Qa7 34. Qxa7 Rxa7 35. Rd2 Rda8 36. Rxd6
Rxa2 37. e5 f5 38. Re2 R2a3 39. Rb2 Nc5 40. Rbd2 h5 41. Rd8+
Rxd8 42. Rxd8+ Kh7 43. Bb4 Rxb3 44. Bxc5 Rxf3 45. Rd7 Bd5
46. e6 Bxe6 47. Rxb7 h4 48. Bd4 h3 49. Rxg7+ Kh6 50. Re7 Bc4
51. Bf2 Rb3 52. Re8 Kh5 53. Re3 Rb1+ 54. Re1 Rb2 55. Re5 Kg4
56. Re3 Rc2 57. Re7 Bd3 58. Re3 Rd2 59. Re1 c5 0-1

[Event "European Individual Women's Championship"]
[Site "Chakvi GEO"]
[Date "2015.05.23"]
[EventDate "2015.05.19"]
[Round "5.34"]
[Result "0-1"]
[White "Alessia Santeramo"]
[Black "Kubra Ozturk"]
[WhiteElo "2118"]
[BlackElo "2235"]
[PlyCount "66"]

1. e4 e5 2. Nf3 Nc6 3. Bb5 a6 4. Ba4 Nf6 5. O-O Nxe4 6. d4 b5
7. Bb3 d5 8. dxe5 Be6 9. Nbd2 Bc5 10. Nxe4 dxe4 11. Bxe6 fxe6
12. Qxd8+ Nxd8 13. Ng5 Bd4 14. a4 b4 15. Nxe4 Bxe5 16. Bd2 Nc6
17. Nc5 O-O-O 18. Be3 a5 19. Rad1 Bxb2 20. Nxe6 Rde8 21. Nc5
Bc3 22. Rd5 Re5 23. Rfd1 Rhe8 24. Nb3 Rd8 25. Rxd8+ Nxd8
26. g3 Nb7 27. Rd3 c5 28. f4 Re4 29. Bxc5 Nxc5 30. Nxc5 Bd4+
31. Kg2 Bxc5 32. Kf3 Rc4 33. Rd2 Rd4 0-1

[Event "European Individual Women's Championship"]
[Site "Chakvi GEO"]
[Date "2015.05.24"]
[EventDate "2015.05.19"]
[Round "6.23"]
[Result "0-1"]
[White "Kubra Ozturk"]
[Black "Maia Lomineishvili"]
[WhiteElo "2235"]
[BlackElo "2364"]
[PlyCount "58"]

1. Nf3 Nf6 2. c4 e6 3. Nc3 Bb4 4. d4 c5 5. e3 O-O 6. Bd3 d5
7. cxd5 exd5 8. dxc5 Bg4 9. O-O Bxc5 10. h3 Bh5 11. g4 Bg6
12. Bxg6 hxg6 13. g5 Ne4 14. Qxd5 Nxc3 15. Qxc5 Ne4 16. Qe5
Re8 17. Qf4 Nc6 18. a3 Qd5 19. h4 Rad8 20. Ne1 Nc5 21. b4 Re4
22. Qg3 Nb3 23. Rb1 Ncd4 24. exd4 Nxd4 25. Rb2 Rxe1 26. Rxe1
Nf3+ 27. Kf1 Nxe1 28. Qb3 Qh1+ 29. Ke2 Nd3 0-1

[Event "European Individual Women's Championship"]
[Site "Chakvi GEO"]
[Date "2015.05.25"]
[EventDate "2015.05.19"]
[Round "7.34"]
[Result "1/2-1/2"]
[White "Madona Bokuchava"]
[Black "Kubra Ozturk"]
[WhiteElo "2063"]
[BlackElo "2235"]
[PlyCount "140"]

1. d4 d5 2. c4 c6 3. Nf3 Nf6 4. e3 e6 5. Qc2 Nbd7 6. Be2 Bd6
7. O-O O-O 8. b3 e5 9. dxe5 Nxe5 10. Bb2 Qe7 11. Nbd2 Bg4
12. Rfe1 Rfe8 13. Nxe5 Bxe5 14. Bxg4 Nxg4 15. Nf3 Bxb2
16. Qxb2 Rad8 17. Qd4 Qe4 18. Qxa7 dxc4 19. bxc4 Qxc4 20. Qxb7
Qc2 21. Rf1 Rb8 22. Qc7 Rbc8 23. Qf4 Nf6 24. Rfc1 Qb2 25. Qd4
Qe2 26. Qc4 Qxc4 27. Rxc4 c5 28. Nd2 Kf8 29. a4 Ke7 30. a5 Nd7
31. Rca4 Ne5 32. f4 Red8 33. R1a2 Nd3 34. Kf1 Rc7 35. Nc4 Nb4
36. Ra1 f6 37. Ke2 Nd5 38. Kf3 Nb4 39. a6 Ra7 40. Ra5 Rc8
41. Rb5 Rxa6 42. Rb7+ Kf8 43. Rd1 Nc6 44. Nb6 Nd8 45. Nd7+ Ke8
46. Nxc5 Rac6 47. Rxg7 Rxc5 48. Rxh7 Nf7 49. Rg7 R8c7 50. Rg6
Ke7 51. Rd4 Nd6 52. g4 Kf7 53. Rh6 Kg7 54. Rh3 Nf7 55. Rg3 Rc3
56. h4 Rc1 57. Rg2 Re7 58. h5 Rf1+ 59. Ke2 Rh1 60. Rd3 Ra7
61. Kf3 Rf1+ 62. Rf2 Re1 63. Re2 Rh1 64. Rg2 Re7 65. Kg3 Re6
66. Kf3 Rf1+ 67. Rf2 Rh1 68. Rg2 Rf1+ 69. Rf2 Rh1 70. Rg2 Rf1+
1/2-1/2

[Event "European Individual Women's Championship"]
[Site "Chakvi GEO"]
[Date "2015.05.28"]
[EventDate "2015.05.19"]
[Round "9.22"]
[Result "1-0"]
[White "Deimante Cornette"]
[Black "Kubra Ozturk"]
[WhiteElo "2402"]
[BlackElo "2235"]
[PlyCount "63"]

1. e4 e5 2. Nf3 Nc6 3. d4 exd4 4. Nxd4 Qf6 5. Nb3 Qg6 6. f3
Bd6 7. g3 h5 8. Nc3 h4 9. g4 Nge7 10. Be3 Be5 11. Qd2 Bxc3
12. bxc3 d6 13. Be2 Be6 14. c4 Ne5 15. Qc3 Qf6 16. O-O-O Nxg4
17. Bd4 Ne5 18. c5 O-O 19. Rhg1 N7g6 20. Rdf1 Nf4 21. Bd1 b6
22. c6 a5 23. Kb1 a4 24. Nc1 b5 25. Ne2 Bc4 26. Nxf4 Qxf4
27. Rf2 b4 28. Qxc4 b3 29. cxb3 axb3 30. Bxb3 h3 31. Bxe5 dxe5
32. Qc1 1-0

[Event "European Individual Women's Championship"]
[Site "Chakvi GEO"]
[Date "2015.05.29"]
[EventDate "2015.05.19"]
[Round "10.32"]
[Result "1/2-1/2"]
[White "Kubra Ozturk"]
[Black "Susanna Gaboyan"]
[WhiteElo "2235"]
[BlackElo "2153"]
[PlyCount "131"]

1. d4 Nf6 2. c4 g6 3. g3 Bg7 4. Bg2 d5 5. cxd5 Nxd5 6. e4 Nb6
7. Ne2 Nc6 8. d5 Na5 9. O-O O-O 10. Nbc3 c6 11. Nf4 Nac4
12. Qc2 cxd5 13. Ncxd5 e6 14. Nxb6 Nxb6 15. a4 Bd7 16. Rd1 Rc8
17. Qe2 Qe7 18. a5 Nc4 19. Ra2 Bb5 20. Qe1 Rfd8 21. Rxd8+ Qxd8
22. h4 Bd4 23. Ne2 Ne5 24. Nxd4 Nd3 25. Bg5 Qxd4 26. Qd2 a6
27. Be3 Qf6 28. b3 Ne5 29. Qd1 h5 30. Rc2 Rxc2 31. Qxc2 Qd8
32. Qd2 Qxd2 33. Bxd2 Nc6 34. Bc3 e5 35. f4 f6 36. Kf2 Kf7
37. Ke3 Ke6 38. Bh3+ Kd6 39. Bc8 Nd8 40. Bh3 Be8 41. Bb4+ Kc7
42. Be7 exf4+ 43. gxf4 Nc6 44. Bxf6 Nxa5 45. Be6 Nc6 46. Bg7
b5 47. f5 gxf5 48. exf5 a5 49. Ke4 a4 50. bxa4 bxa4 51. Bf8
Nd8 52. Bc4 Nf7 53. Kd5 Bd7 54. Kc5 Be8 55. Kd4 Nd6 56. Be6
Nf7 57. Be7 Nd8 58. Ke5 Nxe6 59. Kxe6 Bd7+ 60. Kf6 a3 61. Bxa3
Kd8 62. Kg6 Ke8 63. f6 Be6 64. Kxh5 Kf7 65. Kg5 Bb3 66. h5
1/2-1/2

[Event "European Individual Women's Championship"]
[Site "Chakvi GEO"]
[Date "2015.05.30"]
[EventDate "2015.05.19"]
[Round "11.28"]
[Result "0-1"]
[White "Narmin Mammadova"]
[Black "Kubra Ozturk"]
[WhiteElo "2117"]
[BlackElo "2235"]
[PlyCount "104"]

1. e4 e5 2. Nf3 Nc6 3. Nc3 Nf6 4. h3 Bb4 5. Bd3 O-O 6. O-O d6
7. a3 Bxc3 8. dxc3 h6 9. Be3 Be6 10. c4 a5 11. Qd2 Nd7 12. b4
Qf6 13. Kh2 axb4 14. axb4 Nd4 15. Ng1 Nb6 16. Qc3 g5 17. Ne2
c5 18. bxc5 dxc5 19. Rfb1 Rxa1 20. Rxa1 g4 21. hxg4 Bxg4
22. Bxd4 exd4 23. Qd2 Be6 24. Qf4 Qg5 25. Qxg5+ hxg5 26. f4 f6
27. Rb1 Nxc4 28. Rxb7 Ne3 29. e5 fxe5 30. Ng3 gxf4 31. Nh5
Ng4+ 32. Kg1 Ra8 33. Kf1 Bf7 34. Bg6 Bxg6 35. Rg7+ Kh8
36. Rxg6 Rg8 37. Re6 Rg5 38. Nf6 Ne3+ 39. Ke1 Kg7 40. Ne4 Rxg2
41. Rxe5 Nxc2+ 42. Kd1 Ne3+ 43. Ke1 d3 44. Rg5+ Rxg5 45. Nxg5
c4 46. Ne6+ Kf6 47. Nxf4 Ke5 48. Ng6+ Kd4 49. Nh4 Kc3 50. Nf3
Kc2 51. Nd4+ Kc1 52. Nf3 c3 0-1

[Event "European Team Championship (Women)"]
[Site "Reykjavik ISL"]
[Date "2015.11.13"]
[EventDate "2015.11.13"]
[Round "1.14"]
[Result "0-1"]
[White "Kubra Ozturk"]
[Black "Gudlaug Thorsteinsdottir"]
[WhiteElo "2256"]
[BlackElo "2005"]
[PlyCount "96"]

1. d4 d5 2. c4 c6 3. Nf3 Nf6 4. e3 Bf5 5. Nc3 e6 6. Nh4 Bg4
7. Qb3 Qc7 8. h3 Bh5 9. g4 Bg6 10. Nxg6 hxg6 11. Bg2 Be7
12. Bd2 Nbd7 13. cxd5 Nxd5 14. Rc1 Qb6 15. Nxd5 exd5 16. Qc2
Bb4 17. O-O Bxd2 18. Qxd2 Nf6 19. f3 Qc7 20. g5 Nh5 21. f4 Ng3
22. Rfe1 Qd7 23. Qc2 O-O 24. Qf2 Nf5 25. Rcd1 Rfe8 26. Bf3 Nd6
27. Bg4 Qe7 28. Re2 f5 29. gxf6 gxf6 30. f5 g5 31. Bh5 Red8
32. Bg6 Kg7 33. h4 gxh4 34. Qxh4 Rh8 35. Qg4 Qe4 36. Qxe4 Nxe4
37. Kg2 Rh6 38. Rg1 Rah8 39. Kf1 Kf8 40. Reg2 Ke7 41. Ke2 Rh3
42. a3 Rh2 43. Kd3 Ng5 44. b3 Nf3 45. Rxh2 Rxh2 46. Rd1 Ng5
47. Kc3 a5 48. b4 Ne4+ 0-1

[Event "European Team Championship (Women)"]
[Site "Reykjavik ISL"]
[Date "2015.11.14"]
[EventDate "2015.11.13"]
[Round "2.3"]
[Result "1/2-1/2"]
[White "Lela Javakhishvili"]
[Black "Kubra Ozturk"]
[WhiteElo "2479"]
[BlackElo "2256"]
[PlyCount "109"]

1. d4 Nf6 2. c4 e6 3. Nf3 b6 4. a3 Bb7 5. Nc3 d5 6. cxd5 Nxd5
7. Qc2 Nxc3 8. bxc3 Be7 9. e4 Nd7 10. Bd3 c5 11. O-O cxd4
12. cxd4 Rc8 13. Qe2 O-O 14. Bb2 Qc7 15. Rad1 Qf4 16. Nd2 Rfd8
17. g3 Qb8 18. f4 b5 19. e5 a6 20. f5 Nxe5 21. dxe5 Bc5+
22. Rf2 Qa7 23. Rf1 exf5 24. Bxf5 Rc7 25. e6 Bd5 26. Qh5 h6
27. Qg4 fxe6 28. Bxe6+ Bxe6 29. Qxe6+ Kh7 30. Ne4 Bxf2+
31. Rxf2 Rf8 32. Qd6 Rxf2 33. Nxf2 Rd7 34. Qe5 Re7 35. Qf5+
Kg8 36. Qd5+ Kh7 37. Qd3+ Kg8 38. Qd5+ Kh7 39. Kg2 Qc7 40. Bd4
Qc2 41. h4 Rc7 42. Kf3 Re7 43. Be3 Qc8 44. Nd3 Qh3 45. Nf4
Qh1+ 46. Ke2 Qh2+ 47. Qg2 Qxg2+ 48. Nxg2 a5 49. Kd2 b4
50. axb4 axb4 51. Kc2 Rf7 52. Nf4 Rc7+ 53. Kb2 Rc3 54. Bf2 Rf3
55. Be1 1/2-1/2